Gaming Quiz

Random Gaming or Toys Quiz

Find the Special Edition Operation Boards Quiz Stats

Quiz not verified by Sporcle

Score 0/14 Timer 02:00
1 Play Today
% Correct
Cars
99.6%
Family Guy
99.3%
Toy Story
99.3%
The Simpsons
99.2%
Shrek
99.1%
Despicable Me
98.7%
Frozen
98.5%
% Correct
Finding Dory
98.5%
Spongebob Squarepants
98.5%
Iron Man
98.4%
The Nightmare Before Christmas
98.1%
Doctor Who
98%
Doc McStuffins
97.7%
Star Wars
92.9%

You're not logged in!

Compare scores with friends on all Sporcle quizzes.
Join for Free
OR
Log In

You Might Also Like...

Show Comments

Extras

Top Quizzes Today


Score Distribution

Your Account Isn't Verified!

In order to create a playlist on Sporcle, you need to verify the email address you used during registration. Go to your Sporcle Settings to finish the process.

Report this User

Report this user for behavior that violates our Community Guidelines.

Details: